Detalles MARC
| 000 -CABECERA |
| fixed length control field |
02566Cam#a2200445#a#4500 |
| 005 - FECHA Y HORA DE LA ULTIMA TRANSACCION |
| control field |
20220224182319.0 |
| 008 - ELEMENTOS DE LONGITUD FIJA-INFORMACION GENERAL |
| fixed length control field |
160307s2012 ag abdoj#f #000|0#spa#d |
| 020 ## - NUMERO INTERNACIONAL NORMALIZADO PARA LIBROS |
| Número Internacional Normalizado del libro |
9789501304756 |
| 040 ## - FUENTE DE CATALOGACION |
| Agencia de catalogación original |
AR-BeUNQ |
| Idioma de catalogación |
ESPAÑOL |
| 082 04 - NUMERO DE CLASIFICACION DECIMAL DEWEYMBER |
| Número de clasificación |
907 |
| Número de la edición |
21 |
| 245 00 - MENCION DE TITULO |
| Título |
Ciencias sociales / |
| Mención de responsabilidad, etc |
autoría, Laura Dalterio... [et al.] ; edición, Marta Jürgensen, María Leticia Piacenza. |
| 250 ## - MENCION DE EDICION |
| Mención de edición |
1a. ed., 2a. reimpr. |
| 260 ## - PUBLICACION, DISTRIBUCION, ETC. |
| Lugar de publicación, distribución, etc. |
Buenos Aires : |
| Nombre del editor, distribuidor, etc. |
Kapelusz, |
| Fecha de publicación, distribución, etc |
c2012. |
| 300 ## - DESCRIPCION FISICA |
| Extensión |
272 p. : |
| Otros detalles físicos |
il., fot., mapas, gráficos ; |
| Dimensiones |
27 cm + |
| Material acompañante |
1 cuaderno de actividades |
| 490 1# - MENCION DE SERIE |
| Mención de serie |
Contextos digitales |
| 500 ## - NOTA GENERAL |
| Nota general |
Material complementario: cuaderno de actividades "Ciencias sociales". |
| 505 0# - NOTA DE CONTENIDO |
| Nota de contenido con formato preestablecido |
La geografía, una ciencia para interpretar el mundo -- El planeta tierra -- Los recursos naturales y los problemas ambientales -- La población mundial -- La economía en el mundo actual -- La historia, un recorrido a través del tiempo -- Las primeras sociedades humanas -- Las primeras sociedades urbanas y las grandes civilizaciones americanas -- El cercano oriente: pequeños estados y grandes imperios -- Los griegos: desde los orígenes hasta la expansión helenística -- Roma, desde los orígenes hasta el fin del imperio -- Las sociedades medievales -- La vida en sociedad y las normas |
| 650 #7 - ASIENTO SECUNDARIO DE MATERIA - TERMINO TEMATICO |
| Término temático o nombre geográfico como elemento de entrada |
Ciencias sociales |
| Fuente del encabezamiento o términ |
toit |
| 650 #7 - ASIENTO SECUNDARIO DE MATERIA - TERMINO TEMATICO |
| Término temático o nombre geográfico como elemento de entrada |
Historia |
| Fuente del encabezamiento o términ |
spines |
| 650 #7 - ASIENTO SECUNDARIO DE MATERIA - TERMINO TEMATICO |
| Término temático o nombre geográfico como elemento de entrada |
Prehistoria |
| Fuente del encabezamiento o términ |
spines |
| 650 #7 - ASIENTO SECUNDARIO DE MATERIA - TERMINO TEMATICO |
| Término temático o nombre geográfico como elemento de entrada |
Historia antigua |
| Fuente del encabezamiento o términ |
spines |
| 650 #7 - ASIENTO SECUNDARIO DE MATERIA - TERMINO TEMATICO |
| Término temático o nombre geográfico como elemento de entrada |
Historia medieval |
| Fuente del encabezamiento o términ |
spines |
| 650 #7 - ASIENTO SECUNDARIO DE MATERIA - TERMINO TEMATICO |
| Término temático o nombre geográfico como elemento de entrada |
Geografía |
| Fuente del encabezamiento o términ |
spines |
| 650 #7 - ASIENTO SECUNDARIO DE MATERIA - TERMINO TEMATICO |
| Término temático o nombre geográfico como elemento de entrada |
Geografía política |
| Fuente del encabezamiento o términ |
spines |
| 650 #7 - ASIENTO SECUNDARIO DE MATERIA - TERMINO TEMATICO |
| Término temático o nombre geográfico como elemento de entrada |
Geografía física |
| Fuente del encabezamiento o términ |
spines |
| 650 #7 - ASIENTO SECUNDARIO DE MATERIA - TERMINO TEMATICO |
| Término temático o nombre geográfico como elemento de entrada |
Economía |
| Fuente del encabezamiento o términ |
spines |
| 650 #7 - ASIENTO SECUNDARIO DE MATERIA - TERMINO TEMATICO |
| Término temático o nombre geográfico como elemento de entrada |
Demografía |
| Fuente del encabezamiento o términ |
spines |
| 650 #7 - ASIENTO SECUNDARIO DE MATERIA - TERMINO TEMATICO |
| Término temático o nombre geográfico como elemento de entrada |
Manuales |
| Fuente del encabezamiento o términ |
spines |
| 650 #7 - ASIENTO SECUNDARIO DE MATERIA - TERMINO TEMATICO |
| Término temático o nombre geográfico como elemento de entrada |
Enseñanza media |
| Fuente del encabezamiento o términ |
spines |
| 700 1# - ASIENTO SECUNDARIO - NOMBRE DE PERSONA |
| Personal name |
Dalterio, Laura, |
| Relator term |
autora. |
| Relationship |
aut |
| 700 1# - ASIENTO SECUNDARIO - NOMBRE DE PERSONA |
| Personal name |
Jürgensen, Marta, |
| Relator term |
editora. |
| Relationship |
edt |
| 700 1# - ASIENTO SECUNDARIO - NOMBRE DE PERSONA |
| Personal name |
Piacenza, María Leticia, |
| Relator term |
editora |
| Relationship |
edt |
| 830 #0 - ASIENTO SECUNDARIO DE SERIE--TITULO UNIFORME |
| Título uniforme |
Contextos digitales (Kapeluz). |
| 929 ## - DATOS DE ADQUISICION |
| Procedencia |
COMPRA |
| Proveedor |
El Monje Libros |
| Orden de compra |
Compra 2015 Exp. 827-2158/15 |
| Precio |
225,00 (obra completa) |
| Fecha de recibido |
20151229 |
| Patrimonio UNQ |
PAT0062396 |
| Número de inventario |
54210 |
| 929 ## - DATOS DE ADQUISICION |
| Procedencia |
COMPRA |
| Proveedor |
El Monje Libros |
| Orden de compra |
Compra 2015 Exp. 827-2158/15 |
| Precio |
225,00 (obra completa) |
| Fecha de recibido |
20151229 |
| Patrimonio UNQ |
PAT0063044 |
| Número de inventario |
54762 |
| 929 ## - DATOS DE ADQUISICION |
| Procedencia |
COMPRA |
| Proveedor |
El Monje Libros |
| Orden de compra |
Compra 2015 Exp. 827-2158/15 |
| Precio |
225,00 (obra completa) |
| Fecha de recibido |
20151229 |
| Patrimonio UNQ |
PAT0063045 |
| Número de inventario |
54763 |
| 929 ## - DATOS DE ADQUISICION |
| Procedencia |
COMPRA |
| Proveedor |
El Monje Libros |
| Orden de compra |
Compra 2015 Exp. 827-2158/15 |
| Precio |
225,00 (obra completa) |
| Fecha de recibido |
20151229 |
| Patrimonio UNQ |
PAT0063046 |
| Número de inventario |
54764 |
| 929 ## - DATOS DE ADQUISICION |
| Procedencia |
COMPRA |
| Proveedor |
El Monje Libros |
| Orden de compra |
Compra 2015 Exp. 827-2158/15 |
| Precio |
225,00 (obra completa) |
| Fecha de recibido |
20151229 |
| Patrimonio UNQ |
PAT0063047 |
| Número de inventario |
54765 |
| 942 ## - ELEMENTOS DE PUNTO DE ACCESO ADICIONAL (KOHA) |
| Tipo de ítem Koha |
Libros |
| Suppress in OPAC |
0 |